Countries of the Americas - 1820 - Statistics

General Stats
  • This quiz has been taken 75 times
    64 since last reset
  • The average score is 10 of 14
Answer Stats
Answer % Correct
United States
98%
Mexico
88%
Spain
86%
Argentina
83%
United Kingdom
83%
Colombia
81%
France
80%
Chile
76%
Portugal
76%
Netherlands
69%
Paraguay
61%
Haiti
53%
Russia
47%
Denmark
41%
No matching quizzes found
Score Distribution
Percent of People with Each Score
Percentile by Number Answered
Your Score History
You have not taken this quiz since the last reset